Statistics for Three Horizontal Striped Country Flags

Click here to take the quiz!

General Stats

  • This quiz has been taken 28 times
  • The average score is 12 of 13

Answer Stats

Answer% Correct
Bulgaria
100%
Estonia
100%
Germany
100%
Luxembourg
100%
Russia
100%
Hungary
96%
Lithuania
93%
Netherlands
93%
Yemen
81%
Armenia
78%
Gabon
74%
Bolivia
70%
Sierra Leone
67%

Score Distribution

Percentile by Number Answered

Percent of People with Each Score

Your Score History

You have not taken this quiz